Every Country's Calling Code - Whammies - Statistics

General Stats
  • This quiz has been taken 9 times
  • The average score is 3 of 196
Answer Stats
Country Calling Code % Correct
Afghanistan +9{3}
50%
Albania +35{5}
38%
Canada +{1}
13%
United States +{1}
13%
Egypt +2{0}
13%
Morocco +21{2}
13%
Algeria +21{3}
13%
United Kingdom +4{4}
13%
Argentina +5{4}
13%
Colombia +5{7}
13%
Venezuela +5{8}
13%
Australia +6{1}
13%
Indonesia +6{2}
13%
Philippines +6{3}
13%
Thailand +6{6}
13%
Vietnam +8{4}
13%
Bangladesh +88{0}
13%
Kuwait +96{5}
13%
Dominican Republic 1-80{9} / 82{9} / 84{9}
0%
South Sudan +21{1}
0%
Tunisia +21{6}
0%
Libya +21{8}
0%
Gambia +22{0}
0%
Senegal +22{1}
0%
Mauritania +22{2}
0%
Mali +22{3}
0%
Guinea +22{4}
0%
Ivory Coast +22{5}
0%
Burkina Faso +22{6}
0%
Niger +22{7}
0%
Togo +22{8}
0%
Benin +22{9}
0%
Mauritius +23{0}
0%
Liberia +23{1}
0%
Sierra Leone +23{2}
0%
Ghana +23{3}
0%
Nigeria +23{4}
0%
Chad +23{5}
0%
Central African Republic +23{6}
0%
Cameroon +23{7}
0%
Cape Verde +23{8}
0%
São Tomé and Príncipe +23{9}
0%
Equatorial Guinea +24{0}
0%
Gabon +24{1}
0%
Bahamas 24{2}
0%
Republic of the Congo +24{2}
0%
Democratic Republic of the Congo +24{3}
0%
Angola +24{4}
0%
Guinea-Bissau +24{5}
0%
Barbados 24{6}
0%
Seychelles +24{8}
0%
Sudan +24{9}
0%
Rwanda +25{0}
0%
Ethiopia +25{1}
0%
Somalia +25{2}
0%
Djibouti +25{3}
0%
Kenya +25{4}
0%
Tanzania +25{5}
0%
Uganda +25{6}
0%
Burundi +25{7}
0%
Mozambique +25{8}
0%
Zambia +26{0}
0%
Madagascar +26{1}
0%
Zimbabwe +26{3}
0%
Namibia +26{4}
0%
Malawi +26{5}
0%
Lesotho +26{6}
0%
Botswana +26{7}
0%
Antigua and Barbuda 26{8}
0%
Eswatini +26{8}
0%
Comoros +26{9}
0%
South Africa +2{7}
0%
Eritrea +29{1}
0%
Greece +3{0}
0%
Netherlands +3{1}
0%
Belgium +3{2}
0%
France +3{3}
0%
Spain +3{4}
0%
Portugal +35{1}
0%
Luxembourg +35{2}
0%
Ireland +35{3}
0%
Iceland +35{4}
0%
Malta +35{6}
0%
Cyprus +35{7}
0%
Finland +35{8}
0%
Bulgaria +35{9}
0%
Hungary +3{6}
0%
Lithuania +37{0}
0%
Vatican City +37{0} (Same at Italy de facto)
0%
Latvia +37{1}
0%
Estonia +37{2}
0%
Moldova +37{3}
0%
Armenia +37{4}
0%
Belarus +37{5}
0%
Andorra +37{6}
0%
Monaco +37{7}
0%
San Marino +37{8}
0%
Ukraine +38{0}
0%
Serbia +38{1}
0%
Montenegro +38{2}
0%
Kosovo +38{3}
0%
Croatia +38{5}
0%
Slovenia +38{6}
0%
Bosnia and Herzegovina +38{7}
0%
North Macedonia +38{9}
0%
Italy +3{9}
0%
Romania +4{0}
0%
Switzerland +4{1}
0%
Czech Republic +42{0}
0%
Slovakia +42{1}
0%
Liechtenstein +42{3}
0%
Austria +4{3}
0%
Denmark +4{5}
0%
Sweden +4{6}
0%
Norway +4{7}
0%
Grenada 47{3}
0%
Poland +4{8}
0%
Germany +4{9}
0%
Belize +50{1}
0%
Guatemala +50{2}
0%
El Salvador +50{3}
0%
Honduras +50{4}
0%
Nicaragua +50{5}
0%
Costa Rica +50{6}
0%
Panama +50{7}
0%
Haiti +50{9}
0%
Peru +5{1}
0%
Mexico +5{2}
0%
Cuba +5{3}
0%
Brazil +5{5}
0%
Chile +5{6}
0%
Bolivia +59{1}
0%
Guyana +59{2}
0%
Ecuador +59{3}
0%
Paraguay +59{5}
0%
Suriname +59{7}
0%
Uruguay +59{8}
0%
Malaysia +6{0}
0%
New Zealand +6{4}
0%
Singapore +6{5}
0%
East Timor +67{0}
0%
Brunei +67{3}
0%
Nauru +67{4}
0%
Papua New Guinea +67{5}
0%
Tonga +67{6}
0%
Solomon Islands +67{7}
0%
Vanuatu +67{8}
0%
Fiji +67{9}
0%
Palau +68{0}
0%
Samoa +68{5}
0%
Kiribati +68{6}
0%
Tuvalu +68{8}
0%
Federated States of Micronesia +69{1}
0%
Marshall Islands +69{2}
0%
Kazakhstan +{7}
0%
Russia +{7}
0%
Saint Lucia 75{8}
0%
Dominica 76{7}
0%
Saint Vincent and the Grenadines 78{4}
0%
Japan +8{1}
0%
South Korea +8{2}
0%
North Korea +85{0}
0%
Cambodia +85{5}
0%
Laos +85{6}
0%
China +8{6}
0%
Trinidad and Tobago 86{8}
0%
Saint Kitts and Nevis 86{9}
0%
Jamaica 87{6}
0%
Taiwan +88{6}
0%
Turkey +9{0}
0%
India +9{1}
0%
Pakistan +9{2}
0%
Sri Lanka +9{4}
0%
Myanmar +9{5}
0%
Maldives +96{0}
0%
Lebanon +96{1}
0%
Jordan +96{2}
0%
Syria +96{3}
0%
Iraq +96{4}
0%
Saudi Arabia +96{6}
0%
Yemen +96{7}
0%
Oman +96{8}
0%
United Arab Emirates +97{1}
0%
Israel +97{2}
0%
Bahrain +97{3}
0%
Qatar +97{4}
0%
Bhutan +97{5}
0%
Mongolia +97{6}
0%
Nepal +97{7}
0%
Iran +9{8}
0%
Tajikistan +99{2}
0%
Turkmenistan +99{3}
0%
Azerbaijan +99{4}
0%
Georgia +99{5}
0%
Kyrgyzstan +99{6}
0%
Uzbekistan +99{8}
0%
No matching quizzes found
Score Distribution
Percent of People with Each Score
Percentile by Number Answered
Your Score History
You have not taken this quiz